[Event "American Continental Rapid 18th"]
[Site "Medellin"]
[Date "2024.06.01"]
[Round "8"]
[White "Mendez Moran, Julio Cesar"]
[Black "Rueda Rojas, Richard Alejandro"]
[Result "0-1"]
[WhiteElo "1791"]
[BlackElo "2076"]
[PlyCount "84"]
[EventDate "2024.06.01"]
[EventType "swiss (rapid)"]
[EventRounds "9"]
[EventCountry "COL"]
[SourceTitle "CBM 220 Extra"]
[Source "ChessBase"]
[SourceDate "2024.07.31"]
[SourceVersion "1"]
[SourceVersionDate "2024.07.31"]
[SourceQuality "1"]

1. d4 c5 2. e3 cxd4 3. exd4 g6 4. Nf3 Bg7 5. c3 Nf6 6. Bg5 0-0 7. Nbd2 Nc6 8. Bc4 d5 9. Bd3 Qb6 10. Qb3 Bg4 11. Bxf6 Bxf6 12. 0-0 Rfd8 13. h3 Be6 14. Qa3 Rac8 15. Rab1 a5 16. Rfe1 Qc7 17. Re2 Rb8 18. Rbe1 b5 19. Qc5 b4 20. Ne5 Bxe5 21. dxe5 bxc3 22. Qxc3 Qb6 23. Nb3 Nb4 24. Bb1 d4 25. Qg3 a4 26. Nd2 d3 27. Re4 Nc2 28. Rd1 Qxb2 29. Rxa4 Rb4 30. Ra6 Na3 31. Qf3 Nxb1 32. Nxb1 Qxb1 33. Kh2 Qb2 34. a3 Qxe5+ 35. g3 Rb2 36. Ra8 Rxa8 37. Qxa8+ Kg7 38. Kg1 Bd5 39. Qc8 Qe4 40. Qc3+ f6 41. f3 Qe3+ 42. Kf1 Qf2# 0-1

[Event "American Continental Rapid 18th"]
[Site "Medellin"]
[Date "2024.06.01"]
[Round "1"]
[White "Mendez Moran, Julio Cesar"]
[Black "Torres, Juan Camilo"]
[Result "0-1"]
[WhiteElo "1791"]
[BlackElo "2295"]
[PlyCount "112"]
[EventDate "2024.06.01"]
[EventType "swiss (rapid)"]
[EventRounds "9"]
[EventCountry "COL"]
[SourceTitle "CBM 220 Extra"]
[Source "ChessBase"]
[SourceDate "2024.07.31"]
[SourceVersion "1"]
[SourceVersionDate "2024.07.31"]
[SourceQuality "1"]

1. d4 Nf6 2. c4 c5 3. e3 g6 4. Nf3 Bg7 5. Nc3 0-0 6. Bd3 cxd4 7. exd4 d5 8. h3 Nc6 9. 0-0 b6 10. Bg5 dxc4 11. Bxc4 Bb7 12. a3 Rc8 13. Ba2 Na5 14. Re1 h6 15. Bf4 e6 16. Be5 Nc4 17. Bxc4 Rxc4 18. Qe2 Rc8 19. Rac1 a6 20. Nd2 Nd5 21. Nde4 Nxc3 22. Nxc3 Qg5 23. f4 Qh4 24. Ne4 Bxe5 25. fxe5 Rxc1 26. Nf6+ Kg7 27. Rxc1 Qxd4+ 28. Kh1 Rc8 29. Rd1 Qf4 30. Rf1 Rc1 31. Rxc1 Qxc1+ 32. Kh2 Qf4+ 33. Kg1 h5 34. Qf2 Qxe5 35. Nd7 Qg5 36. Nxb6 e5 37. Nd7 Bc6 38. Nc5 a5 39. Kh2 h4 40. Nd3 e4 41. Qd4+ Kh7 42. Ne5 Qg3+ 43. Kg1 e3 44. Qg4 Qxe5 45. Qxh4+ Kg7 46. Qe1 e2 47. Kf2 Qxb2 48. g3 Qf6+ 49. Kxe2 Qe5+ 50. Kf2 Qxe1+ 51. Kxe1 Kf6 52. Ke2 Ke5 53. Ke3 Be4 54. h4 f5 55. Ke2 Kd4 56. Kd2 Bd3 0-1

[Event "American Continental Blitz 18th"]
[Site "Medellin"]
[Date "2024.05.29"]
[Round "4"]
[White "Mendez Moran, Julio Cesar"]
[Black "Moncada Correa, Sara"]
[Result "0-1"]
[WhiteElo "1791"]
[BlackElo "2018"]
[PlyCount "95"]
[EventDate "2024.05.29"]
[EventType "swiss (blitz)"]
[EventRounds "9"]
[EventCountry "COL"]
[SourceTitle "CBM 220 Extra"]
[Source "ChessBase"]
[SourceDate "2024.07.31"]
[SourceVersion "1"]
[SourceVersionDate "2024.07.31"]
[SourceQuality "1"]

1. b3 d5 2. Bb2 c5 3. e3 Nf6 4. f4 g6 5. Nf3 Bg7 6. Be2 Nc6 7. 0-0 d4 8. exd4 cxd4 9. Bb5 Bg4 10. h3 Bxf3 11. Qxf3 Rc8 12. Re1 0-0 13. Ba3 Nd5 14. d3 Re8 15. f5 Ne3 16. fxg6 hxg6 17. Bc4 e6 18. Nd2 Ne5 19. Qg3 Qa5 20. Bd6 Qxd2 21. Bxe5 Bxe5 22. Qf3 Rc7 23. Re2 Qc3 24. Rae1 Bg7 25. h4 a6 26. a4 Nxc4 27. bxc4 Qa5 28. Rf1 Bh6 29. Re4 Be3+ 30. Kh1 Qh5 31. Rg4 Ree7 32. Qg3 Kg7 33. Re4 Rc8 34. c3 Rd7 35. Re5 Qh6 36. h5 Rh8 37. Qg4 dxc3 38. g3 Bd4 39. Re4 Bf6 40. Kg2 Qg5 41. Rxf6 Qxf6 42. hxg6 Qxg6 43. Qf4 Rxd3 44. Qe5+ Kg8 45. Qb8+ Kh7 46. Rh4+ Qh6 47. Rxh6+ Kxh6 48. Qe5 0-1